000 00205nam a22000857a 4500
008 161213b xxu||||| |||| 00| 0 eng d
100 _92008
_aDoshi.M.D.
245 _aGeneral Knowledge-7
260 _bCordava
_c2009
999 _c4873
_d4873